00815 2200229 4500001002100000005001700021008004100038035002500079040001200104082001400116084001900130100003000149245016900179260006200348300003000410500005200440504002800492650001500520700002000535850001200555990001800567INLIS00000000000896220150805111035.0  a0010-081500000000400 aYOPDYOG 223a618.2 aSK 618.2 Umi H aUMI Kultsum Mahfudin Alta aHubungan jenis persalinan dengan kejadian dengan kejadian Asfiksia Neonatorum pada Bayi baru lahir di RSUD Wates Kulon Progo tahun 2005c/ Umi Kultsum Mahfudin Alta aYogyakartabSekolah Tinggi Ilmu Kesehatan 'Aisyiyahc2005 aiv, 60 lembarc; 29,5 cm. aTugas Akhir Program Studi Diploma III Kebidanan aBibliografi: hlm. 59-60 aPersalinan aEVI Nurhidayati aYOPDYOG a47274-PD/A.15